000 00535nam a22001937a 4500
005 20251108172053.0
008 250721s2001 xx 000 0 ara d
082 1 4 _a621.3/محم
100 1 _aمحمد، محمد
245 1 0 _aالإتصالات الضوئية و الألياف البصرية /
250 _aط 2
264 1 _aدمشق :
_bدار المعرفة،
_c2001.
300 _a82 ص.
650 1 7 _aالهندسة
650 1 7 _aالإتصالات
650 1 7 _aالألياف
942 _2ddc
_cBK
999 _c69693
_d69693